1151 1891 1334 1837 1589 1713 1001 1807 1167 1030 1293 1768 1838 1724 1439 1899 1818 1623 1093 1216 1975 1446 1451 1011 1345 1530 1986 1405 1592 1851 1731 1622 1538 1701 1703 1315 1846 1654 1013 1917 1707 1997 1744 1515 1530 1367 1114 1809 1232 1285 1427 1613 1361 1571 1932 1734 1934 1331 1131 1013 1211 1922 1369 1980 1240 1536 1865 1941 1415 1602 1999 1986 1065 1610 1162 1858 1003 1700 1510 1974 1943 1418 1659 1033 1871 1421 1971 1801 1723 1232 1033 1258 1870 1409 1637 1129 1894 1387 1906 BCNSPRNW ULIB Ver.6.0+V

เปลี่ยนเป็นภาษาไทย

Change to English
 แสดงรายละเอียดบรรณานุกรม
  กลับหน้าหลัก

Brief Record : Get Marc (ISO 2709) : E-mail record : QR code < ปิดหน้าต่าง
LEADER : 00000nam 2200000uu 4500
001    13399108805
003     ULIB
008    110315s2551||||th 000 0 tha d
020    7989741034352
060  4 W50^bพ349บ 2551
100 0  พระพรหมคุณาภรณ์(ป.อ.ปยุตโต)
245 00 บาปไฮเทคดัดแปลงชีวิตฝืนลิขิตธรรมชาติ/^cโดย,พระพรหมคุณาภรณ์(ป.อ.ปยุตโต),เชิดชัย เลิศจิตรเลขา,อรุณ บุญชม
250    พิมพ์ครั้งที่ 1
260    กรุงเทพฯ:^bกรีน-ปัญญาญาณ,^c2551
300    184 หน้า
650  7 โคลนนิ่ง
650  7 เสต็มเซลล์
650  7 ตัดต่อยีน
650  7 จีโนม
700 0  เชิดชัย เลิศจิตรเลขา
700 0  อรุณ บุญชม
945    ^p129^l0^i025097
995    ทศพร
999 ^a ใช้งานได้ทุกระบบ
รายการนี้ยังไม่มีแท็ก
คุณยังไม่ได้ล็อกอิน คุณสามารถมีกิจกรรมร่วมกับเว็บไซต์ได้ แต่ต้องล็อกอินก่อน ::
  ล็อกอิน

รายการสื่อสารสนเทศ

ลำดับที่ ประเภท เลขเรียก/บาร์โค้ด สถานที่ สถานะ
- ไม่พบข้อมูล -

รายการใกล้เคียง
    ผู้แต่ง [พระพรหมคุณาภรณ์(ป.อ.ปยุตโต)]

    หัวเรื่อง [โคลนนิ่ง]
    หัวเรื่อง [เสต็มเซลล์]
    หัวเรื่อง [ตัดต่อยีน]
    หัวเรื่อง [จีโนม]

BibComment


ยังไม่เคยถูกคอมเมนท์

คอมเมนท์ทรัพยากรรายการนี้
  คอมเมนท์: บาปไฮเทคดัดแปลงชี..


 Copyright 2026. Bcnsprnw @Library